| 000 | 00892nam a2200289 a 4500 | ||
|---|---|---|---|
| 001 | 76575 | ||
| 003 | BD-RjUL | ||
| 005 | 20211209082848.0 | ||
| 008 | 191221s1975 enka b 001 0 eng | ||
| 020 | _a0582443164 | ||
| 035 | _a(BD-RjUL)76799 | ||
| 040 |
_aLC _beng _cLC _dABN-SNR _dBD-RjUL |
||
| 041 | _aeng | ||
| 082 | 0 | 4 |
_223 _a547 _bFIO 1975 |
| 100 | 1 |
_aFinar, I. L. _q(Ivor Lionel) _9118602 |
|
| 245 | 1 | 0 |
_aOrganic chemistry / _cI.L. Finar. |
| 250 | _a5th ed. | ||
| 260 |
_aLondon : _bEnglish Language book society , _c1975 |
||
| 300 |
_a v. : _bill. ; _c26 cm. |
||
| 504 | _aIncludes bibliographies and index. | ||
| 505 | 0 | _aVol. 1, The fundamental principles -- V-2.Stereochemistry and the chemistry of natural products.-- | |
| 650 | 0 |
_aChemistry, Organic. _9225538 |
|
| 650 | 0 |
_aStereochemistry. _9225539 |
|
| 942 |
_2ddc _cBK |
||
| 999 |
_c76575 _d76575 |
||